Survey on cysticercosis on pigs in slaughter house at prey veng province, ការអង្កេតលើជំងឺចុងអង្កជ្រូកដែលកើតមាននៅទីសត្តឃាដ ខេត្តព្រៃវៀង (Record no. 2254)

000 -LEADER
fixed length control field 00615nam a22001577a 4500
003 - CONTROL NUMBER IDENTIFIER
control field OSt
005 - DATE AND TIME OF LATEST TRANSACTION
control field 20151008162825.0
008 - FIXED-LENGTH DATA ELEMENTS--GENERAL INFORMATION
fixed length control field 151008b xxu||||| |||| 00| 0 eng d
040 ## - CATALOGING SOURCE
Transcribing agency RUA
082 ## - DEWEY DECIMAL CLASSIFICATION NUMBER
Classification number AVM LY 2007 B080 Or.1
100 ## - MAIN ENTRY--PERSONAL NAME
9 (RLIN) 2393
Personal name LY, KEORITHEA.
245 ## - TITLE STATEMENT
Title Survey on cysticercosis on pigs in slaughter house at prey veng province, ការអង្កេតលើជំងឺចុងអង្កជ្រូកដែលកើតមាននៅទីសត្តឃាដ ខេត្តព្រៃវៀង
260 ## - PUBLICATION, DISTRIBUTION, ETC. (IMPRINT)
Place of publication, distribution, etc. Phnom Penh
Name of publisher, distributor, etc. RUA
Date of publication, distribution, etc. 2007
300 ## - PHYSICAL DESCRIPTION
Extent x; 40p.
Other physical details ill.
Dimensions 29cm.
942 ## - ADDED ENTRY ELEMENTS (KOHA)
Source of classification or shelving scheme
Koha item type AVM
Holdings
Price effective from Date last seen Permanent Location Not for loan Date acquired Source of classification or shelving scheme Koha item type Lost status Withdrawn status Date last checked out Total Checkouts Shelving location Damaged status Barcode Current Location Full call number
2015-10-082021-02-24Library Block B 2015-10-08 AVM  2021-02-101B080 RUA017230Library Block BAVM LY 2007 B080 Or.1
2015-10-082016-11-11Library Block B 2015-10-08 AVM  2016-11-081B080 RUA009792Library Block BAVM LY 2007 B080 Or.2
2015-10-082015-10-08Library Block B 2015-10-08 AVM    B080 RUA025151Library Block BAVM LY 2007 B080 Or.3
2015-10-082024-01-08Library Block B 2015-10-08 AVM  2023-12-252B080 RUA025367Library Block BAVM LY 2007 B080 Or.4
មជ្ឈមណ្ឌលឯការនៃសាកលវិទ្យាល័យភូមិន្ទកសិកម្មចំការដូង

Powered by Koha